[Event "Evry op"]
[Site "Evry"]
[Date "2007.11.01"]
[Round "2"]
[White "Guery, Jerome"]
[Black "Perolle, Guy"]
[Result "0-1"]
[WhiteElo "1499"]
[BlackElo "1760"]
[PlyCount "64"]
[EventDate "2007.10.31"]
[EventType "swiss"]
[EventRounds "9"]
[EventCountry "FRA"]
[SourceTitle "EXT 2009"]
[Source "ChessBase"]
[SourceDate "2008.11.26"]
[SourceVersion "1"]
[SourceVersionDate "2008.11.26"]
[SourceQuality "1"]

1. e4 d6 2. d4 Nf6 3. Nf3 Nxe4 4. Nc3 Nxc3 5. bxc3 Bg4 6. h3 Bh5 7. Be2 e6 8. Bg5 Be7 9. h4 c6 10. 0-0 Nd7 11. Rb1 b5 12. c4 a6 13. d5 bxc4 14. dxc6 Nc5 15. Nd4 Bxe2 16. Qxe2 d5 17. Qe5 f6 18. c7 Qc8 19. Rb8 fxe5 20. Rxc8+ Rxc8 21. Nc6 Bxg5 22. hxg5 Rxc7 23. Nxe5 0-0 24. g6 hxg6 25. Nxg6 Rf6 26. Nh4 g5 27. Nf3 Ne4 28. g3 Rxf3 29. g4 Rcf7 30. Kg2 Nd2 31. Re1 Rxf2+ 32. Kg3 R7f3# 0-1